Human Resource Management: An Experiential Approach. (Record no. 3698)

MARC details
005 - DATE AND TIME OF LATEST TRANSACTION
control field 20250611063851.0
020 ## - INTERNATIONAL STANDARD BOOK NUMBER
International Standard Book Number 978-0-07-298725-6
082 ## - DEWEY DECIMAL CLASSIFICATION NUMBER
Classification number LECT 658.3 BER
100 ## - MAIN ENTRY--PERSONAL NAME
Author name BERNARDIN, H. J.
245 ## - TITLE STATEMENT
Title Human Resource Management: An Experiential Approach.
250 ## - EDITION STATEMENT
Edition statement 4th Ed.
260 ## - PUBLICATION, DISTRIBUTION, ETC.
Place of publication, distribution, etc. New York,
Name of publisher, distributor, etc. McGraw-Hill,
Date of publication, distribution, etc. 2007.
300 ## - PHYSICAL DESCRIPTION
Extent xiii, 722p.: ill.; figure, table
Other physical details Index
Dimensions 27cm.
856 ## - ELECTRONIC LOCATION AND ACCESS
Link text Access Online Book
Electronic name Human Resource Management
Path www.mhhe.com/bernardin4e
942 ## - ADDED ENTRY ELEMENTS (KOHA)
Source of classification or shelving scheme Dewey Decimal Classification
Koha item type Books
Holdings
Date last seen Total checkouts Full call number Barcode Cost, replacement price Price effective from Koha item type Lost status Source of classification or shelving scheme Damaged status Not for loan Withdrawn status Home library Current library Shelving location Date acquired Cost, normal purchase price
06/11/2025   LECT 658.3 BER 00000012569 180000.00 06/11/2025 Books   Dewey Decimal Classification       College of Business Education Main Library College of Business Education Main Library General Collection 09/07/2011 60000.00